[Event "BEL-chT 0910"]
[Site "Belgium"]
[Date "2009.11.22"]
[Round "4"]
[White "Van Hulle, Yves"]
[Black "Philipowski, Robert"]
[Result "1/2-1/2"]
[WhiteElo "2064"]
[BlackElo "2274"]
[PlyCount "35"]
[EventDate "2009.09.27"]
[EventType "team-tourn"]
[EventRounds "11"]
[EventCountry "BEL"]
[SourceTitle "EXT 2011"]
[Source "ChessBase"]
[SourceDate "2010.11.26"]
[SourceVersion "1"]
[SourceVersionDate "2010.11.26"]
[SourceQuality "1"]
[WhiteTeam "Aalter"]
[BlackTeam "KSK47 Eynatten II"]
[WhiteTeamCountry "BEL"]
[BlackTeamCountry "BEL"]

1. d4 d5 2. c4 c6 3. Nf3 Nf6 4. Nc3 e6 5. Bg5 Nbd7 6. e3 Qa5 7. Nd2 Bb4 8. Qc2 0-0 9. Bxf6 Nxf6 10. Bd3 Re8 11. 0-0 e5 12. cxd5 exd4 13. Nb3 Qd8 14. Nxd4 Bxc3 15. Qxc3 Nxd5 16. Qb3 Qg5 17. Rfe1 Re7 18. Rac1 1/2-1/2

[Event "Eupen SVDB"]
[Site "Eupen"]
[Date "2007.12.12"]
[Round "6"]
[White "Braun, Christian1111"]
[Black "Philipowski, Robert"]
[Result "1-0"]
[WhiteElo "2296"]
[BlackElo "2299"]
[PlyCount "83"]
[EventDate "2007.12.07"]
[EventType "tourn"]
[EventRounds "9"]
[EventCountry "BEL"]
[EventCategory "5"]
[SourceTitle "CBM 121 Extra"]
[Source "ChessBase"]
[SourceDate "2008.01.10"]
[SourceVersion "1"]
[SourceVersionDate "2008.01.10"]
[SourceQuality "1"]

1. e4 c5 2. Nf3 Nc6 3. c3 d5 4. exd5 Qxd5 5. d4 e6 6. Be3 cxd4 7. cxd4 Nf6 8. Nc3 Qd6 9. a3 Be7 10. Bd3 0-0 11. 0-0 b6 12. Qe2 Bb7 13. Rad1 Rfd8 14. Rfe1 h6 15. Bb1 Bf8 16. Qc2 Ne7 17. Ne5 Nf5 18. g4 Nxe3 19. fxe3 g6 20. Rf1 Qe7 21. Nxg6 fxg6 22. Qxg6+ Bg7 23. Rxf6 Qxf6 24. Qh7+ Kf8 25. Rf1 Qxf1+ 26. Kxf1 Rd7 27. Be4 Bxe4 28. Qxe4 Re8 29. h4 Rf7+ 30. Ke2 Bf6 31. Qg6 Ke7 32. Ne4 Bxh4 33. Qxh6 Bf6 34. g5 Bg7 35. Qh2 e5 36. g6 Rh8 37. Qg3 Rf5 38. d5 Rfh5 39. Qg4 Rh2+ 40. Kd3 Rxb2 41. Qe6+ Kd8 42. d6 1-0

[Event "Eupen SVDB"]
[Site "Eupen"]
[Date "2007.12.11"]
[Round "5"]
[White "Philipowski, Robert"]
[Black "Petkov, Vladimir"]
[Result "1-0"]
[WhiteElo "2299"]
[BlackElo "2508"]
[PlyCount "73"]
[EventDate "2007.12.07"]
[EventType "tourn"]
[EventRounds "9"]
[EventCountry "BEL"]
[EventCategory "5"]
[SourceTitle "CBM 121 Extra"]
[Source "ChessBase"]
[SourceDate "2008.01.10"]
[SourceVersion "1"]
[SourceVersionDate "2008.01.10"]
[SourceQuality "1"]

1. e4 e5 2. Nf3 Nc6 3. Bb5 Nf6 4. Nc3 Bc5 5. 0-0 d6 6. d4 exd4 7. Nxd4 Bd7 8. Nb3 Bb6 9. Bg5 h6 10. Bxf6 Qxf6 11. Nd5 Qxb2 12. a4 a5 13. c3 0-0 14. Rb1 Qa2 15. Nd2 Be6 16. Nxb6 cxb6 17. Qc1 Na7 18. Ra1 Qxa1 19. Qxa1 Nxb5 20. axb5 Rfc8 21. Rc1 Rc5 22. c4 Rac8 23. Qa4 Bd7 24. Rd1 Be6 25. Qa3 R8c7 26. f3 Kh7 27. Rc1 g6 28. Kf2 d5 29. exd5 Bxd5 30. Ne4 Bxe4 31. fxe4 Re7 32. Qd3 Rce5 33. Qd8 Rxe4 34. Qxb6 a4 35. Qa7 Re2+ 36. Kf1 Ra2 37. c5 1-0

[Event "Eupen SVDB"]
[Site "Eupen"]
[Date "2007.12.10"]
[Round "4"]
[White "Gulbas, Cemil"]
[Black "Philipowski, Robert"]
[Result "1-0"]
[WhiteElo "2365"]
[BlackElo "2299"]
[PlyCount "61"]
[EventDate "2007.12.07"]
[EventType "tourn"]
[EventRounds "9"]
[EventCountry "BEL"]
[EventCategory "5"]
[SourceTitle "CBM 121 Extra"]
[Source "ChessBase"]
[SourceDate "2008.01.10"]
[SourceVersion "1"]
[SourceVersionDate "2008.01.10"]
[SourceQuality "1"]

1. e4 c5 2. Nf3 Nc6 3. d4 cxd4 4. Nxd4 Nf6 5. Nc3 d6 6. Bg5 e6 7. Qd2 a6 8. 0-0-0 Bd7 9. f3 Be7 10. Be3 h5 11. Kb1 Qc7 12. g3 Nxd4 13. Bxd4 Bc6 14. Bg2 b5 15. h3 b4 16. Ne2 d5 17. e5 Nd7 18. f4 Bb5 19. f5 Nxe5 20. fxe6 fxe6 21. Nf4 Nc4 22. Qe1 Ba4 23. Qe2 Rc8 24. Rc1 Bd7 25. Nxe6 Bxe6 26. Qxe6 b3 27. Bxd5 Rh6 28. Qf7+ Kd8 29. Rhe1 bxc2+ 30. Ka1 Nd6 31. Qxg7 1-0

[Event "Eupen SVDB"]
[Site "Eupen"]
[Date "2007.12.09"]
[Round "3"]
[White "Meessen, Rudolf"]
[Black "Philipowski, Robert"]
[Result "1-0"]
[WhiteElo "2303"]
[BlackElo "2299"]
[PlyCount "97"]
[EventDate "2007.12.07"]
[EventType "tourn"]
[EventRounds "9"]
[EventCountry "BEL"]
[EventCategory "5"]
[SourceTitle "CBM 121 Extra"]
[Source "ChessBase"]
[SourceDate "2008.01.10"]
[SourceVersion "1"]
[SourceVersionDate "2008.01.10"]
[SourceQuality "1"]

1. d4 d5 2. c4 c6 3. Nf3 Nf6 4. Nc3 e6 5. Bg5 Nbd7 6. e3 Qa5 7. cxd5 Nxd5 8. Qd2 N7b6 9. Bd3 Nxc3 10. bxc3 Nd5 11. 0-0 Qxc3 12. Qe2 Bd6 13. Nd2 Qa5 14. Nc4 Qc7 15. Nxd6+ Qxd6 16. Bh4 0-0 17. Bg3 Qe7 18. Rac1 Nb4 19. Bb1 b6 20. Rfd1 Bb7 21. a3 Na6 22. Qh5 g6 23. Qh6 Rfd8 24. e4 Qf8 25. Qg5 Nb8 26. Ba2 Nd7 27. d5 cxd5 28. exd5 Bxd5 29. Bxd5 exd5 30. Bc7 Rdc8 31. Qxd5 Nf6 32. Qf3 Ne8 33. Be5 Qe7 34. Bc3 Qxa3 35. h4 h5 36. Re1 Qd6 37. Rcd1 Qc6 38. Qg3 Nf6 39. Bb2 Re8 40. Qf4 Rxe1+ 41. Rxe1 Ng4 42. f3 Qc5+ 43. Bd4 Qb4 44. Rd1 Re8 45. fxg4 Re1+ 46. Rxe1 Qxe1+ 47. Qf1 Qd2 48. Qf6 Kf8 49. Qd8# 1-0

[Event "BEL-chT 0708"]
[Site "Belgium"]
[Date "2007.11.04"]
[Round "3.4"]
[White "Savchenko, Stanislav"]
[Black "Philipowski, Robert"]
[Result "1-0"]
[WhiteElo "2571"]
[BlackElo "2299"]
[PlyCount "125"]
[EventDate "2007.09.30"]
[EventType "team-tourn"]
[EventRounds "11"]
[EventCountry "BEL"]
[SourceTitle "CBM 120 Extra"]
[Source "ChessBase"]
[SourceDate "2007.11.01"]
[SourceVersion "1"]
[SourceVersionDate "2007.11.01"]
[SourceQuality "1"]
[WhiteTeam "Bredene"]
[BlackTeam "KSK47 Eynatten II"]
[WhiteTeamCountry "BEL"]
[BlackTeamCountry "BEL"]

1. d4 d5 2. c4 c6 3. Nf3 Nf6 4. e3 Bf5 5. Nc3 e6 6. Nh4 Be4 7. f3 Bg6 8. Qb3 Qb6 9. Nxg6 hxg6 10. Bd2 Nbd7 11. 0-0-0 Bd6 12. h3 0-0 13. Kb1 Rfd8 14. Qc2 Qc7 15. cxd5 cxd5 16. Nb5 Qxc2+ 17. Kxc2 Be7 18. Kb1 Rdc8 19. Bd3 a6 20. Nc3 Nb6 21. b3 Ba3 22. Ka1 Kf8 23. Nb1 Be7 24. Kb2 Rc6 25. Rc1 Rac8 26. Rxc6 Rxc6 27. a4 Nc8 28. Na3 Nb6 29. Nc2 Nfd7 30. Nb4 Rc7 31. Be2 Nc8 32. Nd3 Na7 33. b4 Nb6 34. Nc5 Ke8 35. Rc1 Bxc5 36. bxc5 Nd7 37. Be1 Rc6 38. Rc3 Kd8 39. Bg3 b6 40. cxb6 Nxb6 41. Rxc6 Nxc6 42. Bxa6 Nxa4+ 43. Kb3 Nb6 44. Bb5 Na7 45. Bd3 Nc6 46. Be1 Ke7 47. h4 Kd8 48. g4 Nc8 49. Bb5 Kc7 50. Bg3+ Kb6 51. Bd3 Na5+ 52. Kb4 Nc6+ 53. Ka4 N8e7 54. Bd6 f6 55. f4 Kb7 56. Kb5 Kc8 57. Kc5 g5 58. hxg5 fxg5 59. Bb5 gxf4 60. Bxc6 Nxc6 61. Kxc6 fxe3 62. Bg3 e2 63. Kd6 1-0

[Event "BEL-chT 0607"]
[Site "Belgium"]
[Date "2007.02.25"]
[Round "9"]
[White "Marechal, Andy"]
[Black "Philipowski, Robert"]
[Result "1/2-1/2"]
[WhiteElo "2306"]
[BlackElo "2300"]
[PlyCount "67"]
[EventDate "2006.10.01"]
[EventType "team-tourn"]
[EventRounds "11"]
[EventCountry "BEL"]
[SourceTitle "EXT 2008"]
[Source "ChessBase"]
[SourceDate "2007.11.25"]
[SourceVersion "1"]
[SourceVersionDate "2007.11.25"]
[SourceQuality "1"]
[WhiteTeam "SK Rochade"]
[BlackTeam "KSK47 Eynatten"]
[WhiteTeamCountry "BEL"]
[BlackTeamCountry "BEL"]

1. e4 c5 2. Nc3 Nc6 3. Bb5 g6 4. Bxc6 bxc6 5. d3 Bg7 6. Nge2 d6 7. Be3 Rb8 8. Rb1 Nf6 9. f3 0-0 10. Qd2 e5 11. 0-0 Nh5 12. a3 a5 13. Na4 f5 14. b4 axb4 15. axb4 fxe4 16. dxe4 cxb4 17. Rxb4 Rxb4 18. Qxb4 Ba6 19. c4 Qb8 20. Nb6 d5 21. exd5 cxd5 22. Qa5 Qb7 23. Bc5 Rb8 24. Nc3 Bxc4 25. Nxc4 dxc4 26. Rb1 Qc8 27. Rxb8 Qxb8 28. Qa4 h6 29. Qxc4+ Kh7 30. Ne4 Qb1+ 31. Qf1 Qc2 32. Qf2 Qd1+ 33. Qf1 Qc2 34. Qf2 1/2-1/2

[Event "BEL-chT 0506"]
[Site "Belgium"]
[Date "2005.10.09"]
[Round "1"]
[White "De Gueldre, Philippe"]
[Black "Philipowski, Robert"]
[Result "1/2-1/2"]
[WhiteElo "2168"]
[BlackElo "2300"]
[PlyCount "39"]
[EventDate "2005.10.09"]
[EventType "team-tourn"]
[EventRounds "11"]
[EventCountry "BEL"]
[SourceTitle "EXT 2006"]
[Source "ChessBase"]
[SourceDate "2005.11.24"]
[SourceVersion "1"]
[SourceVersionDate "2005.11.24"]
[SourceQuality "1"]
[WhiteTeam "KSK47 Eynatten II"]
[BlackTeam "KSK47 Eynatten"]
[WhiteTeamCountry "BEL"]
[BlackTeamCountry "BEL"]

1. e4 c5 2. Nf3 a6 3. c4 Nc6 4. d4 cxd4 5. Nxd4 Nf6 6. Nc3 e5 7. Nf5 d5 8. cxd5 Bxf5 9. exf5 Nd4 10. Bd3 Nxd5 11. 0-0 Bb4 12. Be4 Nxc3 13. bxc3 Bxc3 14. Rb1 0-0 15. Rxb7 Qh4 16. Qd3 Rad8 17. g3 Qh5 18. Qxa6 Nf3+ 19. Bxf3 Qxf3 20. Rb3 1/2-1/2

[Event "NRW Class 0405 playoff"]
[Site "Germany"]
[Date "2005.05.08"]
[Round "1.3"]
[White "Philipowski, Robert"]
[Black "Guempges, Peter"]
[Result "1/2-1/2"]
[WhiteElo "2329"]
[BlackElo "2106"]
[PlyCount "81"]
[EventDate "2005.05.08"]
[EventType "team"]
[EventRounds "1"]
[EventCountry "GER"]
[SourceTitle "CBM 106 Extra"]
[Source "ChessBase"]
[SourceDate "2005.07.01"]
[SourceVersion "1"]
[SourceVersionDate "2005.07.01"]
[SourceQuality "1"]
[WhiteTeam "Godesberg II"]
[BlackTeam "Essen Borbeck"]
[WhiteTeamCountry "GER"]
[BlackTeamCountry "GER"]

1. e4 c5 2. Nf3 e6 3. Nc3 a6 4. g3 b5 5. Bg2 Bb7 6. d4 cxd4 7. Nxd4 Qc7 8. 0-0 Nc6 9. Re1 Be7 10. a4 b4 11. Nd5 exd5 12. exd5 Nxd4 13. Qxd4 0-0-0 14. Rxe7 Nxe7 15. d6 Nc6 16. dxc7 Nxd4 17. cxd8Q+ Rxd8 18. c3 Ne2+ 19. Kf1 Bxg2+ 20. Kxe2 bxc3 21. bxc3 Bc6 22. Be3 Re8 23. a5 Re4 24. Kd3 Ra4 25. Rxa4 Bxa4 26. Bd4 f6 27. h4 Bd1 28. Bc5 Kc7 29. Bf8 g5 30. Be7 gxh4 31. gxh4 f5 32. Ke3 d6 33. Kf4 Kd7 34. Bf8 Ke6 35. Kg5 h5 36. Kf4 Bb3 37. Bg7 Bc2 38. Bd4 Bb3 39. f3 Bd1 40. Bb6 Be2 41. Bd4 1/2-1/2

[Event "BEL-chT 0405"]
[Site "Belgium"]
[Date "2005.04.15"]
[Round "9"]
[White "De Haan, Eric"]
[Black "Philipowski, Robert"]
[Result "0-1"]
[WhiteElo "2280"]
[BlackElo "2329"]
[PlyCount "40"]
[EventDate "2004.09.09"]
[EventType "team-tourn"]
[EventRounds "11"]
[EventCountry "BEL"]
[SourceTitle "EXT 2006"]
[Source "ChessBase"]
[SourceDate "2005.11.24"]
[SourceVersion "1"]
[SourceVersionDate "2005.11.24"]
[SourceQuality "1"]
[WhiteTeam "Borgerhout"]
[BlackTeam "KSK47 Eynatten II"]
[WhiteTeamCountry "BEL"]
[BlackTeamCountry "BEL"]

1. d4 Nf6 2. c4 c5 3. d5 b5 4. cxb5 e6 5. Nc3 exd5 6. Nxd5 Bb7 7. Nxf6+ Qxf6 8. Nf3 d5 9. g3 Bd6 10. Bg2 0-0 11. 0-0 a6 12. e4 axb5 13. exd5 Nd7 14. Ng5 Be5 15. Qd3 g6 16. Qxb5 Ba6 17. Qxd7 Bxf1 18. Kxf1 Bxb2 19. Ne4 Qa6+ 20. Kg1 Bxa1 0-1